| 000 | 01443nam a22003017a 4500 | ||
|---|---|---|---|
| 005 | 20110906113855.0 | ||
| 008 | 110906t xxu||||| |||| 00| 0 eng d | ||
| 010 | _aENG-103627 | ||
| 020 |
_a9788120342521 _c450.00 |
||
| 035 | _aEN-87160 | ||
| 037 | _bDBAD/PUB | ||
| 040 |
_aDPL _bEng |
||
| 082 | _a332.46 | ||
| 100 |
_934250 _aWalsh, Carl E. |
||
| 245 |
_aMonetary theory and policy / _cby Carl E. Walsh. |
||
| 250 | _a3rd ed | ||
| 260 |
_aNew Delhi _bPHI Learning _c2011 |
||
| 270 |
_aM-97, Connaught Circus _bNew Delhi _e110001 |
||
| 300 |
_axxi, 613 p. : _c24cm (pbk) _bill. |
||
| 500 | _aIncludes bibliographical references and indexes | ||
| 505 | _aEmpirical evidence on money, prices, and output -- Money-in-the-utility function -- Money and transactions -- Money and public finance -- Money in the short run : informational and portfolio rigidities -- Money in the short run : nominal price and wage rigidities -- Discretionary policy and time inconsistency -- New keynesian monetary economics -- Money and the open economy -- Financial markets and monetary policy -- Monetary policy and operating procedures. | ||
| 610 | _934253 | ||
| 650 |
_934251 _aMonetary policy. |
||
| 650 |
_aMoney _934478 |
||
| 700 | _934258 | ||
| 942 |
_2ddc _cEN _h332.46 _mWAL |
||
| 999 |
_c56374 _d56374 |
||